00984nam a2200253 a 450000100060000000300080000600500170001400800410003103500200007204000270009204100080011908200250012710000300015224500950018226000600027730000250033750000780036250400510044065000300049170000400052194200120056199900170057395201400059067604BD-RjUL20211209081656.0170327s1959 nyu b 000 0 eng d a(BD-RjUL) 67735 aDLCcDLCdBD-RjULbeng aeng00a530.12223bFEN 19591 aFeenberg, Eugene.920030710aNotes on the quantum theory of angular momentum /cEugene Feenberg and George Edward Pake. aCalifornia ;bStanford University Press, cc1953 [1959] avii, 56 p. ;c22 cm. aOriginally published: Stanford, Calif. : Stanford University Press, 1959. aIncludes bibliographical references and index. 0aQuantum Mechanics91586791 aPake, G. E.q(George Edward)931681 2ddccBK c67604d67604 00102ddc40718NFICaRUCLbRUCLcReadingd1963-01-29eZeitlingerg87.91l0o530.12 FEN 1959r2017-03-27 00:00:00tC-1w2017-03-27yBK